01657nab a22002897a 4500999001500000003000400015005001700019008004100036040000700077100002500084245019300109260007300302300001300375500002800388505040700416505012100823505008200944650002301026650003201049650003401081650002301115650002001138650002001158651001901178773015701197942001301354 c5277d5277OSt20251215125022.0190429b xxu||||| |||| 00| 0 spa d cPJ aGalmes, Paloma9651110aValoración probatoria con perspectiva de género, violencia vicaria y circunstancias extraordinarias de atenuación en una tentativa de homicidio doblemente agravado /cPaloma Galmes. cCiudad Autónoma de Buenos Aires :aThomson Reuters La Ley, b2025. ap. 64-71 aCita: AR/DOC/1664/2024. aSumario: I. La resolución del Tribunal de Impugnación Penal de La Pampa en el caso "C., Y. A. s/ recurso de impugnación".— II. Valoración de la prueba tendiente a acreditar la violencia de género.— III. Violencia vicaria y los estereotipos de la mujer-madre.— IV. Las circunstancias extraordinarias de atenuación del art. 80 y su aplicación en el presente caso.— V. Conclusiones.  tFallo comentado: Trib. Impugnación Penal, Santa Rosa, Sala A ~ 03/04/2024 ~ C., Y. A. s/recurso de impugnación. tSi te interesa el texto completo, solicitalo a koha@justierradelfuego.gov.ar  09343aDERECHO PENAL 093053aVIOLENCIA DE GÉNERO 094044aPERSPECTIVA DE GÉNERO 092480aCODIGO PENAL 092913aHOMICIDIO 093000aTENTATIVA 094349aLA PAMPA0 0265893164tRevista de derecho penal y criminología. Nº 1 - Febrero 2025dCiudad Autónoma de Buenos Aires : Thomson Reuters La Ley, 2017-x00347914 2udccANA